Bayesian Networks and Decision Graphs / (Record no. 12002)

MARC details
000 -LEADER
fixed length control field 01231cam a22003254a 4500
001 - CONTROL NUMBER
control field 12308715
003 - CONTROL NUMBER IDENTIFIER
control field EG-ScBUE
005 - DATE AND TIME OF LATEST TRANSACTION
control field 20241210114423.0
008 - FIXED-LENGTH DATA ELEMENTS--GENERAL INFORMATION
fixed length control field 010213s2001 nyua f b 001 0 eng d
020 ## - INTERNATIONAL STANDARD BOOK NUMBER
International Standard Book Number 0387952594 (alk. paper)
040 ## - CATALOGING SOURCE
Original cataloging agency DLC
Transcribing agency DLC
050 00 - LIBRARY OF CONGRESS CALL NUMBER
Classification number QA279.5
Item number .J45 2001
082 00 - DEWEY DECIMAL CLASSIFICATION NUMBER
Classification number 519.542
Edition number 21
Item number JEN
100 1# - MAIN ENTRY--PERSONAL NAME
Personal name Jensen, Finn V.
9 (RLIN) 6816
245 10 - TITLE STATEMENT
Title Bayesian Networks and Decision Graphs /
Statement of responsibility, etc Finn V. Jensen.
264 #1 - PUBLICATION, DISTRIBUTION, ETC. (IMPRINT)
Place of publication, distribution, etc New York :
Name of publisher, distributor, etc Springer,
Date of publication, distribution, etc [2001]
264 #4 - PUBLICATION, DISTRIBUTION, ETC. (IMPRINT)
Date of publication, distribution, etc c2001
300 ## - PHYSICAL DESCRIPTION
Extent xv, 268 pages :
Other physical details illustrations ;
Dimensions 24 cm
336 ## - CONTENT TYPE
Source rdacontent
Content type term text
Content type code txt
337 ## - MEDIA TYPE
Media type term unmediated
Source rdamedia
Media type code n
338 ## - CARRIER TYPE
Carrier type term volume
Carrier type code nc
Source rdacarrier
504 ## - BIBLIOGRAPHY, ETC. NOTE
Bibliography, etc Includes bibliographical references and index.
650 #7 - SUBJECT ADDED ENTRY--TOPICAL TERM
Topical term or geographic name as entry element Bayesian statistical decision theory
General subdivision Data processing.
Source of heading or term BUEsh
9 (RLIN) 6818
650 #7 - SUBJECT ADDED ENTRY--TOPICAL TERM
Topical term or geographic name as entry element Machine learning.
Source of heading or term BUEsh
9 (RLIN) 6819
650 #7 - SUBJECT ADDED ENTRY--TOPICAL TERM
Topical term or geographic name as entry element Neural networks (Computer science)
Source of heading or term BUEsh
9 (RLIN) 6820
650 #7 - SUBJECT ADDED ENTRY--TOPICAL TERM
Topical term or geographic name as entry element Decision making.
Source of heading or term BUEsh
9 (RLIN) 6821
655 ## - INDEX TERM--GENRE/FORM
Form subdivision Reading book
942 ## - ADDED ENTRY ELEMENTS (KOHA)
Source of classification or shelving scheme Dewey Decimal Classification
Koha item type Book - Borrowing
Holdings
Withdrawn status Lost status Source of classification or shelving scheme Damaged status Not for loan Collection code Home library Current library Shelving location Date acquired Source of acquisition Cost, normal purchase price Total Checkouts Full call number Barcode Date last seen Price effective from Koha item type
    Dewey Decimal Classification     Alef-Baa Central Library Central Library First floor 24/06/2009 Purchase 150.00   519.542 JEN 000017085 15/07/2025 24/06/2009 Book - Borrowing